Qui sont ces personnalités politiques ? - PS - Statistiques

Statistiques générales
  • Ce quiz a été pris 262 fois
  • Le résultat moyen est 9 sur 16
Statistiques - réponses
Par images Réponse % Correct
François Hollande
99%
Ségolène Royal
96%
Lionel Jospin
93%
Benoît Hamon
89%
Olivier Faure
82%
Najat Vallaud-Belkacem
71%
Édith Cresson
64%
Boris Vallaud
63%
Jérôme Guedj
47%
Fleur Pellerin
44%
Michel Sapin
40%
Marisol Touraine
35%
Pierre Mauroy
34%
Harlem Désir
33%
Fatiha Keloua-Hachi
5%
Claudia Rouaux
2%
Aucun quiz correspondant
Distribution des résultats
% des personnes avec chaque résultat
Percentile par nombre de réponses
Votre historique - résultats
Vous n’avez pas pris ce quiz